| 000 | 00392nam a22001457a 4500 | ||
|---|---|---|---|
| 005 | 20151209095433.0 | ||
| 008 | 151209b xxu||||| |||| 00| 0 eng d | ||
| 040 | _cPK-LaUMT | ||
| 082 |
_aMSC 324.2092 _bYOU-G |
||
| 100 | _aیونس بٹ، محمد | ||
| 245 |
_aغل دستہ _cمحمد یونس بٹ |
||
| 260 |
_aلاہور _bپاکستان بکس _c1993 |
||
| 300 | _a169 ص | ||
| 942 | _cBK | ||
| 999 |
_c80758 _d80758 |
||